000 00576nam a22001692 4500
001 0000005052
005 20151217151951.0
008 070605s xx 000 0 eng d
040 _aKABU
_cKABU
050 0 _aHC865
_b.Z9E5E58
245 1 0 _aEnvironment and development in Kenya :
_bresearch papers presented at the 1997/98 academy public lecture series on water and desertification.
300 _a p.
651 0 _aKenya
_xEconomic conditions
_xEnvironmental aspects.
_@0000156118
908 _a070605
950 _@1
999 _c6826
_d6826